000 00871aea a2200229 4500
005 20180803170253.0
008 160516s1979 ck ||||| |b|| r | 0 spa d
040 _aCO-BoIAVH
_cCO-BoIAVH
041 0 _aspa
044 _ack
090 _aMC-
_b0230
110 2 _aInstituto Geográfico Agustín Codazzi
_995695
245 1 0 _aMapa geológico, República de Colombia, comisaria del Amazonas
_h[Material cartográfico]
255 _aEscala [1:500.000] ;
_bProyección de Gauss.
260 _a[Bogotá?]:
_bInstituto Geográfico Agustín Codazzi,
_c1979.
300 _a1 mapa :
_bilustraciones a color ;
_c63 x 93 cm.
500 _aProyecto radargramétrico del Amazonas.
650 1 6 _aGeología
_vmapas
_zAmazonía (Región, Colombia)
_968458
651 _aColombia
_zAmazonas (Departamento)
_968459
773 0 _tLa Amazonia colombiana y sus recursos /
942 _2z
_cMapa
999 _c18592
_d18592